| 000 | 00747nam a2200241 a 4500 | ||
|---|---|---|---|
| 001 | BRCA_4544 | ||
| 005 | 20190320204718.0 | ||
| 008 | 220910s1944----u--a######---#000-0#eng-# | ||
| 041 | _aeng | ||
| 044 | _au | ||
| 050 | 4 |
_aN5210 _b.R54 1944 |
|
| 100 | 1 |
_aRigby, Douglas _911510 |
|
| 245 | 1 | 0 |
_aLock, Stock and Barrel _bThe Story of Collecting _cby Douglas and Elizabeth Rigby. |
| 260 |
_aNueva York _bJ. B. Lippincott _c1944 |
||
| 300 |
_axix, 570 p. _bil. _c22 cm. |
||
| 500 | _aIncluye una guía de ilustraciones e índice analítico | ||
| 500 | _aD16 | ||
| 504 | _aBibliografía: p. 523-537 | ||
| 650 | 1 | 4 |
_aColeccionismo _xColeccionistas y colecciones _911511 |
| 700 | 1 |
_aRigby, Elizabeth _ecoaut. _911512 |
|
| 902 | _aGFM | ||
| 942 |
_2lcc _cB |
||
| 999 |
_c4250 _d4250 |
||